Embedded/Real time Systems: (Record no. 3730)

MARC details
000 -LEADER
fixed length control field 00447nam a22001697a 4500
005 - DATE AND TIME OF LATEST TRANSACTION
control field 20180203124816.0
008 - FIXED-LENGTH DATA ELEMENTS--GENERAL INFORMATION
fixed length control field 160623b xxu||||| |||| 00| 0 eng d
020 ## - INTERNATIONAL STANDARD BOOK NUMBER
ISBN 978-81-7722-461-0
041 ## - LANGUAGE CODE
Language code of text/sound track or separate title eng
082 ## - DEWEY DECIMAL CLASSIFICATION NUMBER
Item number 9480
Classification number 004.33
100 ## - MAIN ENTRY--AUTHOR NAME
Personal name Prasad, Dr K.V.K.K.
245 ## - TITLE STATEMENT
Title Embedded/Real time Systems:
Remainder of title concept, design & programming
260 ## - PUBLICATION, DISTRIBUTION, ETC. (IMPRINT)
Name of publisher Dreamtech
Year of publication 2013
300 ## - PHYSICAL DESCRIPTION
Number of Pages 557
650 ## - SUBJECT ADDED ENTRY--TOPICAL TERM
Topical Term Diploma Engineering
942 ## - ADDED ENTRY ELEMENTS (KOHA)
Koha item type Books
Holdings
Lost status Damaged status Collection code Home library Current library Shelving location Date acquired Source of acquisition Cost, normal purchase price Full call number Accession Number Koha item type
    CS/IT JRU Library JRU Library SHELF-49-D 23/06/2016 PURCHASE 549.00 004.33 9480 Books
    CS/IT JRU Library JRU Library SHELF-49-D 23/06/2016 PURCHASE 549.00 004.33 9481 Books
    CS/IT JRU Library JRU Library SHELF-49-D 23/06/2016 PURCHASE 549.00 004.33 9482 Books
    CS/IT JRU Library JRU Library SHELF-49-D 23/06/2016 PURCHASE 549.00 004.33 9483 Books
    CS/IT JRU Library JRU Library SHELF-49-D 23/06/2016 PURCHASE 549.00 004.33 9484 Books